[Event "Montserrat op 14th"]
[Site "Montserrat"]
[Date "2021.08.29"]
[Round "5"]
[White "Redondo Flores, David"]
[Black "Hernandez Lopez, Alberto"]
[Result "1/2-1/2"]
[WhiteElo "1975"]
[BlackElo "1931"]
[PlyCount "63"]
[EventDate "2021.08.27"]
[EventType "swiss"]
[EventRounds "9"]
[EventCountry "ESP"]
[SourceTitle "EXT 2022"]
[Source "ChessBase"]
[SourceDate "2021.10.06"]
[SourceVersion "1"]
[SourceVersionDate "2021.10.06"]
[SourceQuality "1"]

1. e4 c5 2. Nf3 d6 3. d4 cxd4 4. Nxd4 Nf6 5. Nc3 a6 6. Bg5 e6 7. f4 h6 8. Bh4 Qb6 9. Qd2 Nc6 10. 0-0-0 Nxd4 11. Qxd4 Qxd4 12. Rxd4 Nd7 13. Be2 Rb8 14. a4 g5 15. fxg5 Be7 16. Bg3 hxg5 17. Bxd6 Bxd6 18. Rxd6 Ke7 19. Rd4 Ne5 20. h3 Bd7 21. Kd2 Rh6 22. Rb4 Nc6 23. Rb6 Kd6 24. Rf1 f6 25. Ke3 Kc5 26. Rb3 Nd4 27. Rd1 e5 28. Nd5 Nxb3 29. cxb3 a5 30. Nxf6 Bc6 31. Nd7+ Bxd7 32. Rxd7 1/2-1/2

[Event "Valencia Region-ch Primera"]
[Site "Valencia"]
[Date "2016.11.19"]
[Round "7"]
[White "Esteban Hernandez, Eusebio"]
[Black "Hernandez Lopez, Alberto"]
[Result "0-1"]
[WhiteElo "1803"]
[BlackElo "1942"]
[PlyCount "94"]
[EventDate "2016.10.01"]
[EventType "swiss"]
[EventRounds "7"]
[EventCountry "ESP"]
[SourceTitle "EXT 2024"]
[Source "ChessBase"]
[SourceDate "2023.10.10"]
[SourceVersion "1"]
[SourceVersionDate "2023.10.10"]
[SourceQuality "1"]

1. e4 c5 2. Nc3 e6 3. f4 Nc6 4. Bb5 Nd4 5. Bc4 Ne7 6. Nf3 Nec6 7. 0-0 Be7 8. Nb5 0-0 9. Nbxd4 cxd4 10. d3 d5 11. exd5 exd5 12. Bb3 a5 13. a4 Re8 14. Bd2 Bf6 15. h3 h5 16. Ng5 g6 17. Qf3 Bxg5 18. fxg5 Be6 19. Rfe1 Qd7 20. Qf6 Bf5 21. Rxe8+ Rxe8 22. Re1 Rxe1+ 23. Bxe1 Qe6 24. Bf2 Qxf6 25. gxf6 Be6 26. Bg3 g5 27. Bd6 Kh7 28. Kf2 Kg6 29. Be7 Kf5 30. c3 dxc3 31. bxc3 d4 32. g4+ hxg4 33. hxg4+ Ke5 34. cxd4+ Nxd4 35. Bxe6 Kxe6 36. Ba3 Nc6 37. Bb2 Ne5 38. Bxe5 Kxe5 39. Ke3 Kxf6 40. Ke4 Ke6 41. d4 Kd6 42. d5 b5 43. axb5 a4 44. Kd4 a3 45. Kc3 a2 46. Kb2 a1Q+ 47. Kxa1 f5 0-1

[Event "Valencia Region-ch Primera"]
[Site "Valencia"]
[Date "2016.11.12"]
[Round "6"]
[White "Hernandez Lopez, Alberto"]
[Black "Gines Pastor, Sergi"]
[Result "1-0"]
[WhiteElo "1942"]
[BlackElo "1829"]
[PlyCount "71"]
[EventDate "2016.10.01"]
[EventType "swiss"]
[EventRounds "7"]
[EventCountry "ESP"]
[SourceTitle "EXT 2024"]
[Source "ChessBase"]
[SourceDate "2023.10.10"]
[SourceVersion "1"]
[SourceVersionDate "2023.10.10"]
[SourceQuality "1"]

1. d4 Nf6 2. c4 g6 3. Nc3 d5 4. Nf3 Bg7 5. h4 h5 6. Bg5 c6 7. e3 Nbd7 8. Qb3 Qa5 9. Bxf6 Nxf6 10. cxd5 Nxd5 11. Bc4 e6 12. 0-0 0-0 13. Ne4 Qd8 14. Rac1 b6 15. Rfd1 Bb7 16. Qa3 Qe7 17. Qxe7 Nxe7 18. Nd6 Rab8 19. Ng5 Bc8 20. b4 Bd7 21. e4 Rbd8 22. e5 c5 23. bxc5 bxc5 24. Nb7 Ba4 25. Nxd8 Bxd1 26. Ndxf7 Bg4 27. f3 Bf5 28. Nd6 cxd4 29. Nxf5 Nxf5 30. Nxe6 Rc8 31. Nxd4+ Kf8 32. Nxf5 gxf5 33. f4 Ke7 34. Rc2 Bh6 35. g3 Rd8 36. Be2 1-0

[Event "Quart de Poblet op 4th"]
[Site "Quart de Poblet"]
[Date "2016.09.03"]
[Round "4"]
[White "Gimenez Menchon, Cesar"]
[Black "Hernandez Lopez, Alberto"]
[Result "1-0"]
[WhiteElo "2132"]
[BlackElo "1945"]
[PlyCount "99"]
[EventDate "2016.09.01"]
[EventType "swiss"]
[EventRounds "7"]
[EventCountry "ESP"]
[SourceTitle "EXT 2024"]
[Source "ChessBase"]
[SourceDate "2023.10.10"]
[SourceVersion "1"]
[SourceVersionDate "2023.10.10"]
[SourceQuality "1"]

1. e4 c5 2. c3 Nf6 3. e5 Nd5 4. d4 cxd4 5. Nf3 Nc6 6. cxd4 d6 7. Bc4 e6 8. 0-0 Be7 9. exd6 Qxd6 10. Nc3 Nxc3 11. bxc3 0-0 12. Bd3 b6 13. Qe2 Bb7 14. Rd1 Rfe8 15. c4 Bf6 16. Bb2 Qf4 17. Bc1 Qd6 18. Qe4 g6 19. Bb2 Na5 20. Qe2 Qf4 21. Ne5 Qg5 22. f4 Qh4 23. Rac1 Rad8 24. g3 Qh3 25. Be4 Bxe4 26. Qxe4 Qf5 27. Qxf5 gxf5 28. d5 Be7 29. Kg2 Bc5 30. Rc2 Nb7 31. Nc6 Rc8 32. Bf6 a5 33. Rcd2 h6 34. Na7 Rc7 35. Nb5 Rd7 36. Be5 Bb4 37. Rc2 Nc5 38. a3 exd5 39. axb4 axb4 40. cxd5 b3 41. Rb2 Ra8 42. d6 Ra5 43. Nc3 Kf8 44. Nd5 Ra2 45. Rdd2 Rxb2 46. Rxb2 Ra7 47. Nxb6 Rb7 48. d7 Nxd7 49. Nxd7+ Rxd7 50. Rxb3 1-0